000 00435nam a22001697a 4500
005 20230727124543.0
008 230727b |||||||| |||| 00| 0 eng d
020 _a978-81-931981-0-0
041 _aeng
082 _a345.400 5
100 _aDHAL, DEBI PRASHAD
_97892
245 _aINDIAN BAR REVIEW , VOL- 49[1] 2022
260 _aNEW DELHI
_bBAR COUNCIL OF INDIA TRUST
_c2022
300 _a352;p
650 _aLAW
_97893
942 _cBK
999 _c8348
_d8346